[Event "Treviso op-D 1st"]
[Site "Treviso"]
[Date "2017.03.19"]
[Round "5.2"]
[White "Stanila, Serban"]
[Black "Ombrella, Massimo"]
[Result "1-0"]
[WhiteElo "1464"]
[BlackElo "1500"]
[PlyCount "83"]
[EventDate "2017.03.17"]
[EventType "swiss"]
[EventRounds "5"]
[EventCountry "ITA"]
[SourceTitle "EXT 2024"]
[Source "ChessBase"]
[SourceDate "2023.10.10"]
[SourceVersion "1"]
[SourceVersionDate "2023.10.10"]
[SourceQuality "1"]

1. e4 e5 2. Nf3 Nc6 3. Nc3 Nf6 4. Be2 Bc5 5. 0-0 d6 6. d3 0-0 7. Bg5 h6 8. Bh4 Be6 9. Qd2 Qe7 10. Rad1 a5 11. Rfe1 Nd4 12. Nxd4 Bxd4 13. Bf3 Ba7 14. Ne2 Kh8 15. d4 Rg8 16. d5 g5 17. Nc3 Bd7 18. Bg3 Rg6 19. Kh1 g4 20. Be2 Kh7 21. Bh4 Rag8 22. g3 Bxf2 23. Rf1 Bb6 24. Rde1 h5 25. Nd1 Nxe4 26. Qd3 Nf6 27. Bxf6 Qe8 28. Qe4 c6 29. c4 Rf8 30. Bd3 Bd8 31. Bxd8 Qxd8 32. Rxf7+ Kh8 33. Qxg6 Rxf7 34. Qxf7 Qg8 35. Qxh5+ Kg7 36. Qg6+ Kh8 37. Qxg8+ Kxg8 38. Rf1 cxd5 39. cxd5 Kg7 40. Bf5 Bxf5 41. Rxf5 Kg6 42. Rf8 1-0